Las células : (Registro nro. 8166)
[ vista simple ]
| 000 -CABECERA | |
|---|---|
| Campo de control interno | 01696nam a2200253Ia 4500 |
| 008 - ELEMENTOS DE LONGITUD FIJA - INFORMACIÓN GENERAL | |
| Campo de control de longitud fija | 260220t2002||||xx |||||||||||||| ||spa|| |
| 020 ## - ISBN | |
| ISBN | 9875501328 |
| 040 ## - FUENTE DE CATALOGACIÓN | |
| Agencia de catalogación original | PY-SlUNAC |
| Idioma de catalogación | spa |
| Convenciones de descripción | rda |
| 041 ## - CÓDIGO DE IDIOMA | |
| Código de idioma para texto/pista de sonido o título separado | spa |
| 082 ## - NÚMERO DE CLASIFICACIÓN DECIMAL DEWEY | |
| Clasificación Decimal Dewey (CDD) | 574.87 |
| Clasificación Expansiva de Cutter (EC) | Sua12c |
| 100 ## - ASIENTO PRINCIPAL - NOMBRE PERSONAL | |
| Nombre personal | Suárez, Hilda |
| Rol del autor | Autor |
| 245 #0 - TÍTULO | |
| Título | Las células : |
| Subtítulo | unidad de los seres vivos / |
| Mención de responsabilidad | por Hilda Suárez [Autor] |
| 264 ## - PIE DE IMPRENTA | |
| Lugar | Buenos Aires : |
| Editorial | Logseller, |
| Año | ℗2002. |
| 300 ## - DESCRIPCIÓN FÍSICA | |
| Páginas | 1 volumen |
| 520 ## - NOTA DE RESUMEN | |
| Nota de resumen | En "Las células: unidad de los seres vivos", Hilda Suárez ofrece una exploración exhaustiva sobre la célula, considerada la unidad fundamental de la vida. El texto aborda la estructura celular, diferenciando entre células procariotas y eucariotas, y explica cómo estas unidades biológicas forman la base de todos los organismos. Suárez detalla los componentes celulares, como la membrana plasmática, el núcleo y los orgánulos, y su función en los procesos vitales, incluyendo la reproducción, el metabolismo y la respuesta a estímulos. Además, se discute la importancia de la investigación celular en la biología moderna, así como su relevancia en el desarrollo de la medicina y la biotecnología. A través de un enfoque didáctico y accesible, el libro no solo proporciona una sólida base teórica, sino que también invita a reflexionar sobre la complejidad y la diversidad de la vida a nivel celular, resaltando la interconexión entre los seres vivos y su entorno. |
| 653 ## - MATERIA - TÉRMINO TEMÁTICO NO CONTROLADO (PALABRAS CLAVE) | |
| Materia - término temático no controlado (palabras clave) | Biología |
| 653 ## - MATERIA - TÉRMINO TEMÁTICO NO CONTROLADO (PALABRAS CLAVE) | |
| Materia - término temático no controlado (palabras clave) | Células |
| 653 ## - MATERIA - TÉRMINO TEMÁTICO NO CONTROLADO (PALABRAS CLAVE) | |
| Materia - término temático no controlado (palabras clave) | Organismos vivos |
| 942 ## - ELEMENTOS PERSONALIZADOS (KOHA) | |
| Fecha catalogación | 2026/02/17 |
| Tipo de documento | Libros |
| Fuente de Clasificacion | Colección | Ubicacion permanente | Biblioteca actual | Fecha de Ingreso a la Biblioteca | Origen de adquisición | Código de ubicación | Código de barras | Tipo de Item KOHA | Nota pública |
|---|---|---|---|---|---|---|---|---|---|
| Dewey Decimal Classification | Colección General (CG) | Biblioteca e Internet, Facultad de Ciencias Exactas y Naturales | Biblioteca e Internet, Facultad de Ciencias Exactas y Naturales | 02/20/2026 | Donación | 574.87 Sua12c | CG1526 | Libros | Material disponible en la Biblioteca e Intenet, Campus UNA, San Lorenzo. |


